00170 a2200073 4500020001800000082001200018100002800030245003800058 a9780349117423 aEF MACC aMcCall Smith, Alexander aIn the company of cheerful ladies